000 00425nam a2200169Ia 4500
008 090711s9999 xx 000 0 und d
082 _b50513
100 _aअदवंत म. ना.
245 _aपैंजण
260 _c1954
300 _a238
600 _aअदवंत म. ना.
630 _aपैंजण
700 _aअदवंत म. ना.
730 _aपैंजण
942 _cBOOK
999 _c329482
_d329482